000 00452nam a22001577a 4500
020 _a070042934
082 _a620.103
_bBEE
_cD
100 _aBeer, Ferdinand P.
_91378
245 _aVector mechanics for engineers statics
_cBeer, Ferdinand P.
250 _a2nd
260 _aNew York
_bMcGraw Hill Book Company
_c1962
300 _avii, 409 p. :
_bill, ;
_c24 cm.
526 _a0
_b0
_c0
_d620_103000000000000_BEE
650 _aMCE
_9379
942 _2ddc
_cBK
999 _c544955
_d544955